000 00409nam a22001697a 4500
020 _a8180360385
082 _aH3
_bURM/B
100 _aUrmila Kumari
245 _aBalak aur manav adhikar/
_cby Urmila Kumari
260 _aJaipur:
_bDevnagar Prakashan,
_c2012.
300 _a128p.
650 _aNovel Hindi
650 _aLiterature Hindi
650 _aLiterature
700 _aSanjay Bhaskar
942 _cBK
999 _c51999
_d51999